000 00455cam a2200181 i 4500
020 _a9780077861032 (alk. paper)
020 _a0077861035 (alk. paper)
040 _cDLC
082 0 0 _a658 MCG 2015 A115 Or.
100 1 _aKerin, Roger A.
245 1 0 _aMarketing /
250 _aTwelfth edition.
300 _axliv, 740 pages ;
_c29 cm
650 0 _aMarketing.
700 1 _aHartley, Steven William.
700 1 _aRudelius, William.
942 _cAEDBB
999 _c17491
_d17491